| 000 | 01134nmm a2200421 a 4500 | ||
|---|---|---|---|
| 003 | AR-BaBNM | ||
| 005 | 20251128204656.0 | ||
| 008 | 177119s1994 ||||||||||||||000 | spa|| | ||
| 020 | _a950-843-085-0 | ||
| 040 | _cAR-BaBNM | ||
| 100 | 1 | _aGonzález, Carlos Emérito | |
| 245 | 1 | 0 | _aLos de la ley y los de la trampa |
| 260 |
_aBuenos Aires _bVinciguerra _c1994 |
||
| 300 | 0 |
_a574 p. _btablas |
|
| 504 | _aBibliografía consultada p. 527-539 | ||
| 650 | 4 | _aHISTORIA POLITICA ARGENTINA | |
| 650 | 4 | _aLIBERALISMO | |
| 650 | 4 | _aPOLITICA ARGENTINA | |
| 650 | 4 | _aDEMOCRATIZACION | |
| 650 | 4 | _aREFORMA POLITICA | |
| 650 | 4 | _aREVOLUCION | |
| 650 | 4 | _aAUTORITARISMO | |
| 650 | 4 | _aGOLPES DE ESTADO | |
| 650 | 4 | _aDICTADURA | |
| 650 | 4 | _aDEMOCRACIA | |
| 650 | 4 | _aSUBVERSION EN ARGENTINA | |
| 650 | 4 | _aTERRORISMO | |
| 650 | 4 | _aGUERRA DE MALVINAS | |
| 650 | 4 | _aFUERZAS ARMADAS | |
| 650 | 4 | _aCRISIS POLITICAS | |
| 651 | 4 | _aArgentina | |
| 653 | 0 | _aPERONISMO | |
| 653 | 0 | _aREVOLUCION LIBERTADORA | |
| 653 | 0 | _aGOBIERNO MILITAR | |
| 653 | 0 | _aPROCESO DE REORGANIZACION NACIONAL | |
| 942 | _cBK | ||
| 998 | _cmariana | ||
| 999 |
_c8358 _d8358 |
||